000 00510nam a2200193 4500
005 20260506124500.0
008 260506b |||||||| |||| 00| 0 eng d
020 _a9781412807784
_qpbk
041 _aeng
082 _a341.23 CLE
100 _aClements,Kevin P.
245 _aThe Center Holds,
_c Kevin P. Clements
260 _aUnited Kingdom
_bTransaction Publishers
_c2008
300 _a194p. :
_c20cm.
490 _vvol 12
650 _aLaw of nations
700 _aNadia Mizner
942 _cENGLISH
999 _c622638
_d622638